00345nam a2200097Ia 45000010005000000080041000050820026000461000069000722450082001412600024002233071241024s9999 xx 000 0 und d a[*SIN CLASIFICACION*] aRepública Dominicana. Presidencia de la República Dominicana 0aDecreto No.268-12 sobre lista beneficiarios e jubilación, (primera partida) bSanto Domingoc2012